000 00507cam a22002051 4500
001 4059819
005 20180301070258.0
008 711108r19651939nyua b 000 0 eng
010 _a 65025703
040 _aDLC
_cDLC
_dDLC
041 _aeng
080 _a591.92 KRO
082 0 0 _a591.92 KRO
100 1 _a11
101 _aBIO
245 1 0 _aOsmotic regulation in aquatic animals.
504 _aBibliography: p. 219-233.
906 _a7
_bcbc
_corignew
_du
_eocip
_f19
_gy-gencatlg
942 _2ddc
_cBK
999 _c43822
_d43822